| 000 | 01613cam a22002654a 4500 | ||
|---|---|---|---|
| 001 | 15179939 | ||
| 005 | 20110328082528.0 | ||
| 008 | 080213s2008 paua |rb 001 0 eng | ||
| 020 | _a9780878916528 | ||
| 040 |
_aDLC _cDLC _dDLC |
||
| 082 | 0 | 0 |
_a003.5 _222 _bASC |
| 100 | 1 |
_aAscher, U. M. _q(Uri M.), _d1946- _928613 |
|
| 245 | 1 | 0 |
_aNumerical methods for evolutionary differential equations / _cUri M. Ascher. |
| 260 |
_aPhiladelphia : _bSociety for Industrial and Applied Mathematics, _c2008. |
||
| 300 |
_axiii, 395 p. : _bill.(some col.) ; _c26 cm. |
||
| 490 | 0 |
_aComputational science and engineering ; _v5 _928614 |
|
| 504 | _aIncludes bibliographical references (p. 375-386) and index. | ||
| 505 | 0 | _aIntroduction -- Methods and concepts for ODEs -- Finite difference and finite volume methods -- Stability for constant coefficient problems -- Variable coefficient and nonlinear problems -- Hamiltonian systems and long time integration -- Dispersion and dissipation -- More on handling boundary conditions -- Several space variables and splitting methods -- Discontinuities and almost discontinuities -- Additional topic. | |
| 650 | 0 |
_aEvolution equations _xNumerical solutions. _928615 |
|
| 653 |
_bGen _cFebruary2012 |
||
| 856 | 4 | 1 |
_3Table of contents only _uhttp://www.loc.gov/catdir/toc/ecip0811/2008006667.html |
| 942 |
_2ddc _cBB |
||
| 999 |
_c16387 _d16387 |
||